000 00633nam a2200205 i 4500
001 105884
003 ES-MaACL
007 t|
008 060907s1965 ag ||||1| spa d
080 _a821.134.2(85)-34"19"
100 1 _aAlegría, Ciro.
_919679
245 1 0 _aDuelo de caballeros
_b: cuentos y relatos /
_cCiro Alegría.
260 _aBuenos Aires :
_bLosada,
_c[1965]
300 _a117 p. ;
_c18 cm.
490 1 _aBiblioteca clásica y contemporánea
500 _aBiblioteca Juan Andrade.
830 0 0 _aBiblioteca clásica y contemporánea
_9181053
852 _aES-MaACL
_jAND-870
_bR.110158
999 _c105884
_d105884